LDR 01139naa#a2200193#i#450# 001 RU\\bibl\120354 005 20260418021833.6 011 ## _a2782-4586 100 ## _a20260331b2026####ek#y0rusy0150####ca 102 ## _aRU 200 1# _aЭкономическая эффективность экспериментальных исследований на разных стадиях жизненного цикла объекта строительства _eЖурнальная статья 210 1# _aМосква _cУниверситет ИТБО _d2026 215 ## _a4 с. 608 ## _aЖурнальная статья _2local 675 ## _aЭкономика строительства. 69.003 _aОрганизация производства (производственного процесса). Производственное планирование. Конструирование. Контроль на производстве. 658.5 _z 700 #1 _aТурчак _gАнна Евгеньевна 700 #1 _aБердник _gАнна Алексеевна 700 #1 _aГулякин _gДмитрий Владимирович 856 4# _ajomeam.ru _u